Countries by Longitude #1 - Statistics

General Stats
  • This quiz has been taken 31 times
  • The average score is 22 of 45
Answer Stats
Longitude Countries % Correct
176 W Russia
88%
35 E Russia
88%
90 E Russia
88%
125 E Russia
88%
176 W United States of America
85%
63 W Canada
77%
63 W Brazil
73%
90 E China
73%
121 E China
73%
125 E China
73%
63 W United Kingdom
69%
121 E Australia
62%
125 E Australia
62%
90 E India
62%
121 E Indonesia
62%
125 E Indonesia
62%
35 E Turkey
62%
63 W Argentina
58%
63 W France
50%
90 E Mongolia
50%
35 E Ukraine
50%
35 E Sudan
46%
35 E Egypt
42%
176 W New Zealand
42%
121 E Philippines
42%
121 E Taiwan
42%
35 E South Sudan
38%
90 E Bangladesh
35%
90 E Bhutan
35%
35 E Kenya
35%
35 E Mozambique
35%
125 E South Korea
35%
35 E Tanzania
35%
35 E Ethiopia
31%
125 E North Korea
31%
35 E Saudi Arabia
31%
63 W Venezuela
27%
63 W Bolivia
23%
63 W Denmark
23%
35 E Jordan
23%
35 E Uganda
23%
125 E East Timor
19%
35 E Israel
19%
63 W Netherlands
15%
35 E Malawi
12%
No matching quizzes found
Score Distribution
Percent of People with Each Score
Percentile by Number Answered
Your Score History
You have not taken this quiz